|
|
|
|
| LEADER |
00000cim a2200000 a 4500 |
| 001 |
vtls011733517 |
| 003 |
SK-MaSNL |
| 005 |
20260301182934.0 |
| 007 |
sd fungnnmmned |
| 008 |
171221s2017 xo nnnnfs f n slo |
| 015 |
|
|
|a SNBJ2018
|
| 020 |
|
|
|a 9788018063514 (CDROM)
|
| 040 |
|
|
|a SNK
|b slo
|c SNK
|e AACR2
|
| 041 |
0 |
|
|d slo
|
| 044 |
|
|
|a xo
|c SK
|
| 072 |
|
7 |
|a 821.162.4-3
|x Slovenská próza
|2 konspekt
|
| 080 |
|
|
|a 821.162.4-34
|2 2011
|
| 080 |
|
|
|a (086.7.053.2)
|2 2001
|
| 080 |
|
|
|a (086.76)
|2 2011
|
| 100 |
1 |
|
|a Tomešová, Lenka
|4 aut
|9 474608
|
| 245 |
1 |
0 |
|a Zajko Pátrajko a iné
|h elektronický zdroj
|c Lenka Tomešová ; prevzaté
|
| 260 |
|
|
|a V Levoči
|b Slovenská knižnica pre nevidiacich Mateja Hrebendu
|c 2017
|
| 300 |
|
|
|a 1 elektronický optický disk (CD-ROM)
|b digitál., MP3
|c 12 cm
|
| 306 |
|
|
|a 005200
|
| 500 |
|
|
|a Zdroj pre spracovanie z vydavateľstva A.L.I, Bratislava z roku 2004
|
| 520 |
8 |
|
|a Dramatizované rozprávky o zvieratkách
|
| 521 |
|
|
|a Pre nevidiacich, slabozrakých a inak zdravotne postihnutých
|
| 655 |
|
7 |
|a zvukové záznamy pre deti a mládež
|2 SNKPH
|9 70694
|
| 655 |
|
7 |
|a slovenské rozprávky
|2 SNKPH
|9 70528
|
| 655 |
|
7 |
|a CD-ROM
|2 SNKPH
|9 70236
|
| 752 |
|
|
|a Slovensko
|d Levoča
|
| 919 |
|
|
|a 978-80-18-06351-4
|
| 958 |
|
|
|a SX
|
| 958 |
|
|
|a LX
|
| 958 |
|
|
|a DB
|
| 999 |
|
|
|c 855271
|d 857201
|
| 952 |
|
|
|a SNK
|b SNK
|y PREZ
|7 0
|p 17A1306941
|o snkSCD 4439
|i snk2018/1321
|8 0
|0 0
|1 0
|4 0
|d 2018-01-18
|l 0
|r 2026-02-24 04:54:34
|w 2026-02-24
|